000 00574nam a2200217Ia 4500
003 OSt
005 20220928140521.0
006 a|||||r|||| 00| 0
007 ta
008 220927b |||||||| |||| 00| 0 eng d
024 _a9147
037 _cTextual
040 _aSDCL
_cSDCL
_beng
041 _2eng
_aeng
082 _aO-,3:g(NB), L9
100 _aFesta-McCormick Diana
_9495669
245 0 _aCity as catalyst
_b A study of ten novels.
260 _c1979
942 _hO-,3:g(NB), L9
_cTEXL
_2CC
999 _c811895
_d811895